Normal view
MARC view
- JAVA PROGRAMMING WITH J2ME
Entry Topical Term
001 - CONTROL NUMBER
- control field: 56827
003 - CONTROL NUMBER IDENTIFIER
- control field: NUST
005 - DATE AND TIME OF LATEST TRANSACTION
- control field: 20210628201800.0
008 - FIXED-LENGTH DATA ELEMENTS
- fixed length control field: 210628|| aca||aabn | a|a d
040 ## - CATALOGING SOURCE
- Original cataloging agency: NUST
- Transcribing agency: NUST
150 ## - HEADING--TOPICAL TERM
- Topical term or geographic name entry element: JAVA PROGRAMMING WITH J2ME
670 ## - SOURCE DATA FOUND
- Source citation: Work cat.: (NUST): Zhu, Jun.Dr Feng, Yu 56826, Wireless java programming with j2me, 2001
